[Event "AUT-chT2O 2324"]
[Site "Austria"]
[Date "2023.10.13"]
[Round "1.5"]
[White "Pernerstorfer, Johannes"]
[Black "Salamon, Werner"]
[Result "0-1"]
[WhiteElo "1984"]
[BlackElo "2111"]
[PlyCount "48"]
[EventDate "2023.10.13"]
[EventType "team-tourn"]
[EventRounds "11"]
[EventCountry "AUT"]
[SourceTitle "EXT 2025"]
[Source "ChessBase"]
[SourceDate "2024.10.14"]
[SourceVersion "1"]
[SourceVersionDate "2024.10.14"]
[SourceQuality "1"]
[WhiteTeam "Krems Voest"]
[BlackTeam "Mattersburg"]
[WhiteTeamCountry "AUT"]
[BlackTeamCountry "AUT"]

1. e4 e5 2. Nf3 Nc6 3. Bb5 d6 4. d3 Nf6 5. Be3 Be7 6. c4 0-0 7. Bxc6 bxc6 8. Nbd2 Ng4 9. h3 Nxe3 10. fxe3 Bh4+ 11. Ke2 f5 12. Nxh4 Qxh4 13. Nf3 Qg3 14. Qf1 fxe4 15. dxe4 d5 16. exd5 e4 17. Qf2 exf3+ 18. gxf3 Qe5 19. Rad1 Ba6 20. b3 cxd5 21. f4 Qe4 22. Rhg1 dxc4 23. Ke1 Rae8 24. Rd7 Rf7 0-1

[Event "AUT-chT2O 2122"]
[Site "Austria"]
[Date "2022.04.03"]
[Round "11.5"]
[White "Juhasz, Agoston Botond"]
[Black "Pernerstorfer, Johannes"]
[Result "1-0"]
[WhiteElo "2380"]
[BlackElo "1972"]
[PlyCount "67"]
[EventDate "2021.10.16"]
[EventType "team-tourn"]
[EventRounds "11"]
[EventCountry "AUT"]
[SourceTitle "EXT 2024"]
[Source "ChessBase"]
[SourceDate "2023.10.10"]
[SourceVersion "1"]
[SourceVersionDate "2023.10.10"]
[SourceQuality "1"]
[WhiteTeam "Bad Voeslau"]
[BlackTeam "Krems Voest"]
[WhiteTeamCountry "AUT"]
[BlackTeamCountry "AUT"]

1. e4 c5 2. Nf3 d6 3. d4 cxd4 4. Nxd4 Nf6 5. Nc3 a6 6. Bd3 e6 7. 0-0 Be7 8. f4 Nbd7 9. Kh1 Qc7 10. a4 b6 11. Bd2 Bb7 12. b4 h5 13. Qe2 h4 14. b5 a5 15. f5 e5 16. Nc6 Bxc6 17. bxc6 Qxc6 18. Bb5 Qc5 19. Nd5 Nxd5 20. exd5 h3 21. c4 hxg2+ 22. Qxg2 0-0-0 23. Rfe1 Qd4 24. Be3 Qd3 25. c5 Qxf5 26. Rab1 Rh3 27. Rf1 Qh7 28. Bg1 Rh8 29. Bxd7+ Kxd7 30. Rxb6 f5 31. cxd6 Bxd6 32. Rb7+ Kc8 33. Qc2+ Kd8 34. Bb6+ 1-0

[Event "AUT-chT2O 1920"]
[Site "Austria"]
[Date "2019.10.19"]
[Round "1.6"]
[White "Wiedner, Robert"]
[Black "Pernerstorfer, Johannes"]
[Result "1-0"]
[WhiteElo "2113"]
[BlackElo "2041"]
[PlyCount "59"]
[EventDate "2019.10.19"]
[EventType "team-tourn"]
[EventRounds "11"]
[EventCountry "AUT"]
[SourceTitle "CBM 192 Extra"]
[Source "Chessbase"]
[SourceDate "2019.11.06"]
[SourceVersion "1"]
[SourceVersionDate "2019.11.06"]
[SourceQuality "1"]
[WhiteTeam "Mattersburg"]
[BlackTeam "Wien Austria"]
[WhiteTeamCountry "AUT"]
[BlackTeamCountry "AUT"]

1. Nf3 d5 2. b3 c5 3. e3 Bg4 4. h3 Bxf3 5. Qxf3 Nc6 6. Bb2 Nf6 7. g4 e6 8. Bg2 h6 9. d3 Bd6 10. Qe2 0-0 11. h4 Nh7 12. Nd2 Be5 13. Bxe5 Nxe5 14. f4 Ng6 15. g5 Re8 16. gxh6 Qf6 17. 0-0-0 gxh6 18. Qh5 Ne7 19. Nf3 Nf5 20. Bh3 Nxe3 21. Rdg1+ Kf8 22. Qe5 Nf5 23. Bxf5 exf5 24. Qxd5 Qc6 25. Qxf5 Qxf3 26. Qxh7 Qxf4+ 27. Kb1 Qf6 28. Rg8+ Ke7 29. Qe4+ Kd7 30. Qxb7+ 1-0

[Event "AUT-ch"]
[Site "Vienna"]
[Date "2018.07.28"]
[Round "8"]
[White "Trippold, Denise"]
[Black "Pernerstorfer, Johannes"]
[Result "1-0"]
[WhiteElo "2138"]
[BlackElo "2066"]
[PlyCount "41"]
[EventDate "2018.07.22"]
[EventType "swiss"]
[EventRounds "9"]
[EventCountry "AUT"]
[SourceTitle "CBM 185 Extra"]
[Source "ChessBase"]
[SourceDate "2018.07.29"]
[SourceVersion "1"]
[SourceVersionDate "2018.07.29"]
[SourceQuality "1"]

1. d4 Nf6 2. c4 e6 3. Nf3 b6 4. g3 Bb7 5. Bg2 Be7 6. 0-0 0-0 7. d5 exd5 8. Nh4 d6 9. cxd5 c6 10. dxc6 Nxc6 11. Nc3 d5 12. Nf5 Qd7 13. Nxd5 Nxd5 14. Qxd5 Qe8 15. Qe4 Bc5 16. Qg4 Qe5 17. Bh6 g6 18. Bxf8 Rxf8 19. Ne3 Qxb2 20. Qd7 Qxe2 21. Bxc6 1-0

[Event "AUT-ch"]
[Site "Vienna"]
[Date "2018.07.23"]
[Round "3"]
[White "Bauer, Thomas"]
[Black "Pernerstorfer, Johannes"]
[Result "1-0"]
[WhiteElo "2181"]
[BlackElo "2066"]
[PlyCount "87"]
[EventDate "2018.07.22"]
[EventType "swiss"]
[EventRounds "9"]
[EventCountry "AUT"]
[SourceTitle "CBM 185 Extra"]
[Source "ChessBase"]
[SourceDate "2018.07.29"]
[SourceVersion "1"]
[SourceVersionDate "2018.07.29"]
[SourceQuality "1"]

1. e4 c5 2. Nf3 d6 3. Bb5+ Nd7 4. 0-0 e6 5. Re1 a6 6. Bf1 Be7 7. c3 b5 8. a4 b4 9. d4 Bb7 10. Nbd2 Ngf6 11. Bd3 h5 12. Nf1 Qc7 13. Bg5 c4 14. Bb1 b3 15. e5 dxe5 16. dxe5 Ng4 17. Bxe7 Kxe7 18. Nd4 Ngxe5 19. Qd2 Kf8 20. f4 Ng4 21. h3 e5 22. fxe5 Ngxe5 23. Ne3 Re8 24. Ndf5 Re6 25. Qd4 Rg6 26. Be4 Bxe4 27. Qxe4 Qc6 28. Nd5 Rg5 29. Rad1 g6 30. Nd4 Qd6 31. Nf4 Qe7 32. Kh1 Kg7 33. Nf3 Rf5 34. Rxd7 Qxd7 35. Nxe5 Qd2 36. Rf1 Re8 37. Nxh5+ Kf8 38. Nxg6+ fxg6 39. Rxf5+ gxf5 40. Qxf5+ Ke7 41. Qe5+ Kd8 42. Qb8+ Ke7 43. Qc7+ Qd7 44. Qxd7+ 1-0

[Event "Graz op-A"]
[Site "Graz"]
[Date "2018.02.18"]
[Round "2"]
[White "Pernerstorfer, Johannes"]
[Black "Hjartarson, Johann"]
[Result "0-1"]
[WhiteElo "2067"]
[BlackElo "2536"]
[PlyCount "76"]
[EventDate "2018.02.17"]
[EventType "swiss"]
[EventRounds "9"]
[EventCountry "AUT"]
[SourceTitle "CBM 183 Extra"]
[Source "ChessBase"]
[SourceDate "2018.04.19"]
[SourceVersion "1"]
[SourceVersionDate "2018.04.19"]
[SourceQuality "1"]

1. e4 g6 2. d4 Bg7 3. Nf3 d6 4. Be2 Nf6 5. Nc3 0-0 6. h3 a6 7. Bg5 b5 8. a4 b4 9. Nd5 Nxd5 10. exd5 Bb7 11. Bc4 Nd7 12. a5 h6 13. Bd2 Nf6 14. Bxb4 Nxd5 15. Bd2 e5 16. dxe5 dxe5 17. Bxd5 Qxd5 18. Be3 Qb5 19. Qe2 Qxb2 20. 0-0 Qc3 21. Ra4 Bd5 22. Rd1 Qc6 23. Rb4 Rad8 24. Ne1 f5 25. f3 Bf7 26. Rdb1 Rfe8 27. Qf2 Bf8 28. Rb7 f4 29. Ba7 Ba2 30. R1b2 Bc4 31. Kh2 Bb5 32. R7xb5 axb5 33. Nd3 e4 34. fxe4 Rxe4 35. Bc5 Rxd3 36. Bxf8 Rd1 37. Bxh6 Qc3 38. Rb3 Ree1 0-1

[Event "Niederoesterreich Landesliga 1516"]
[Site "Austria"]
[Date "2016.01.17"]
[Round "6.3"]
[White "Pernerstorfer, Johannes"]
[Black "Ebner, Johann"]
[Result "1/2-1/2"]
[WhiteElo "2011"]
[BlackElo "2071"]
[PlyCount "56"]
[EventDate "2015.09.27"]
[EventType "team-tourn"]
[EventRounds "11"]
[EventCountry "AUT"]
[SourceTitle "CBM 170 Extra"]
[Source "ChessBase"]
[SourceDate "2016.02.25"]
[SourceVersion "1"]
[SourceVersionDate "2016.02.25"]
[SourceQuality "1"]
[WhiteTeam "Stockerau II"]
[BlackTeam "Boehlerwerk"]
[WhiteTeamCountry "AUT"]
[BlackTeamCountry "AUT"]

1. e4 e6 2. d4 d5 3. Nc3 dxe4 4. Nxe4 Nd7 5. Bd3 Ngf6 6. Ng3 c5 7. c3 b6 8. Nf3 Bb7 9. 0-0 cxd4 10. cxd4 Bd6 11. Bg5 0-0 12. Re1 h6 13. Bxf6 Qxf6 14. Ne4 Qe7 15. Rc1 Rac8 16. Rc2 Rxc2 17. Bxc2 g6 18. Ng3 Rc8 19. Be4 Nf6 20. Bxb7 Qxb7 21. Ne5 Qd5 22. Qa4 Bxe5 23. dxe5 Qd2 24. Rf1 Qd7 25. Qh4 Ne8 26. Qxh6 Qd4 27. Re1 Rc2 28. Qe3 a5 1/2-1/2

[Event "Prague op-A 14th"]
[Site "Prague"]
[Date "2015.01.13"]
[Round "6"]
[White "Pychova, Nela"]
[Black "Pernerstorfer, Johannes"]
[Result "1-0"]
[WhiteElo "1949"]
[BlackElo "2084"]
[PlyCount "69"]
[EventDate "2015.01.09"]
[EventType "swiss"]
[EventRounds "9"]
[EventCountry "CZE"]
[SourceTitle "CBM 164 Extra"]
[Source "ChessBase"]
[SourceDate "2015.03.02"]
[SourceVersion "1"]
[SourceVersionDate "2015.03.02"]
[SourceQuality "1"]

1. c4 e5 2. Nc3 Nc6 3. g3 g6 4. Bg2 Bg7 5. d3 Nge7 6. e3 0-0 7. Nge2 d6 8. 0-0 Be6 9. Nd5 Rb8 10. Rb1 b5 11. Nxe7+ Nxe7 12. cxb5 Rxb5 13. Nc3 Rb8 14. Qa4 c6 15. Bd2 d5 16. Ne2 Qd7 17. Rfc1 Rfc8 18. Qa3 Nf5 19. Bb4 Nh6 20. Bc5 Bh3 21. Qxa7 Qf5 22. e4 Qh5 23. f3 Bxg2 24. Kxg2 f5 25. exd5 e4 26. Rf1 cxd5 27. Nf4 exf3+ 28. Rxf3 Qg5 29. Ne6 Qf6 30. Bd4 Qf7 31. Qxf7+ Kxf7 32. Nxg7 Ng4 33. h3 Rc2+ 34. Kg1 Nf6 35. Nxf5 1-0

[Event "AUT-chT2O 0607"]
[Site "Austria"]
[Date "2006.11.05"]
[Round "5.6"]
[White "Giessmann, Andreas"]
[Black "Pernerstorfer, Johannes"]
[Result "1-0"]
[WhiteElo "2089"]
[BlackElo "2122"]
[PlyCount "83"]
[EventDate "2006.10.06"]
[EventType "team-tourn"]
[EventRounds "11"]
[EventCountry "AUT"]
[SourceTitle "EXT 2007"]
[Source "ChessBase"]
[SourceDate "2006.11.23"]
[SourceVersion "1"]
[SourceVersionDate "2006.11.23"]
[SourceQuality "1"]
[WhiteTeam "Neustaedt SV"]
[BlackTeam "St Poelten"]
[WhiteTeamCountry "AUT"]
[BlackTeamCountry "AUT"]

1. c4 Nf6 2. g3 e5 3. Bg2 Bc5 4. Nc3 0-0 5. Nf3 d6 6. 0-0 a5 7. d4 exd4 8. Nxd4 c6 9. h3 Nbd7 10. b3 Re8 11. Bb2 Nb6 12. Rc1 a4 13. Kh2 axb3 14. axb3 Ba3 15. Rc2 Bxb2 16. Rxb2 d5 17. Rd2 Qe7 18. cxd5 Nbxd5 19. Nxd5 Nxd5 20. Bxd5 cxd5 21. e3 Ra6 22. Kg2 Rh6 23. Rh1 Qd7 24. g4 Rg6 25. Ne2 b5 26. Nf4 Rd6 27. Rd4 Bb7 28. b4 Re4 29. Qd2 f5 30. g5 Qe7 31. h4 Ra6 32. Kg3 h6 33. g6 Qc7 34. Kh3 Ra3 35. Rxe4 fxe4 36. Kg2 Qd7 37. Rh3 Qg4+ 38. Rg3 Qxh4 39. Qc1 Ra8 40. Qc7 Bc8 41. Qf7+ Kh8 42. Qf8# 1-0

[Event "Niederoesterreich Landesliga 0405"]
[Site "Austria"]
[Date "2004.10.31"]
[Round "4"]
[White "Zwettler, Martin"]
[Black "Pernerstorfer, Johannes"]
[Result "1-0"]
[WhiteElo "2183"]
[BlackElo "2046"]
[PlyCount "101"]
[EventDate "2004.09.19"]
[EventType "team-tourn"]
[EventRounds "11"]
[EventCountry "AUT"]
[SourceTitle "EXT 2022"]
[Source "ChessBase"]
[SourceDate "2021.10.06"]
[SourceVersion "1"]
[SourceVersionDate "2021.10.06"]
[SourceQuality "1"]

1. d4 Nf6 2. Bg5 e6 3. e4 Be7 4. Nd2 h6 5. Bh4 d5 6. e5 Nfd7 7. Bxe7 Qxe7 8. c3 c5 9. Ngf3 Nc6 10. Bb5 cxd4 11. cxd4 Qb4 12. Qa4 Qxa4 13. Bxa4 f6 14. exf6 gxf6 15. 0-0 Nb4 16. Rfe1 Kf7 17. Re3 Nb6 18. Bd1 Bd7 19. a3 Nc6 20. Rc1 Rae8 21. b4 h5 22. Be2 Rc8 23. Rec3 Ne7 24. Nb3 Rxc3 25. Rxc3 Rc8 26. Rxc8 Bxc8 27. Nh4 e5 28. Bxh5+ Kg7 29. dxe5 fxe5 30. Be2 Kf6 31. Nf3 Nf5 32. Nfd2 Nd6 33. h4 Nbc4 34. Nxc4 dxc4 35. Nc1 Be6 36. g4 Nb5 37. Kg2 Nxa3 38. Kg3 Nc2 39. g5+ Kg7 40. Na2 Nd4 41. Bg4 Bd5 42. Nc3 Bc6 43. f4 exf4+ 44. Kxf4 Nb5 45. Nxb5 Bxb5 46. h5 Be8 47. h6+ Kh7 48. Bf5+ Bg6 49. Bxg6+ Kxg6 50. b5 a5 51. bxa6 1-0

[Event "Niederoesterreich Landesliga 0304"]
[Site "Austria"]
[Date "2004.01.18"]
[Round "7"]
[White "Pernerstorfer, Johannes"]
[Black "Posch, Werner"]
[Result "0-1"]
[WhiteElo "2127"]
[BlackElo "2248"]
[PlyCount "34"]
[EventDate "2003.09.21"]
[EventType "team-tourn"]
[EventRounds "11"]
[EventCountry "AUT"]
[SourceTitle "EXT 2022"]
[Source "ChessBase"]
[SourceDate "2021.10.06"]
[SourceVersion "1"]
[SourceVersionDate "2021.10.06"]
[SourceQuality "1"]

1. d4 Nf6 2. c4 Nc6 3. d5 Ne5 4. e3 e6 5. Nc3 Bb4 6. Bd2 0-0 7. f4 Ng6 8. Nf3 Bxc3 9. Bxc3 exd5 10. Qd4 Re8 11. Ng5 Qe7 12. Kd2 c5 13. Qd3 dxc4 14. Qxc4 Qxe3+ 15. Kc2 d5 16. Qb5 Bf5+ 17. Kb3 a6 0-1

[Event "Niederoesterreich Landesliga 0304"]
[Site "Austria"]
[Date "2003.10.19"]
[Round "3"]
[White "Zojer, Thomas"]
[Black "Pernerstorfer, Johannes"]
[Result "0-1"]
[WhiteElo "1938"]
[BlackElo "2127"]
[PlyCount "98"]
[EventDate "2003.09.21"]
[EventType "team-tourn"]
[EventRounds "11"]
[EventCountry "AUT"]
[SourceTitle "EXT 2022"]
[Source "ChessBase"]
[SourceDate "2021.10.06"]
[SourceVersion "1"]
[SourceVersionDate "2021.10.06"]
[SourceQuality "1"]

1. d4 Nf6 2. Nf3 b6 3. c4 e6 4. e3 Bb7 5. Bd3 Ne4 6. 0-0 f5 7. a3 d6 8. Nc3 Nd7 9. Nd2 Nxc3 10. bxc3 Qh4 11. f3 d5 12. Qe1 Qxe1 13. Rxe1 0-0-0 14. cxd5 Bxd5 15. e4 fxe4 16. Nxe4 e5 17. Ba6+ Kb8 18. Bg5 Re8 19. c4 Bxe4 20. Rxe4 Bd6 21. Bb5 Kc8 22. Rae1 h6 23. Bc1 Ref8 24. Bxd7+ Kxd7 25. dxe5 Bc5+ 26. Kh1 Ke6 27. f4 g5 28. fxg5 hxg5 29. Bxg5 Bf2 30. Bf6 Bxe1 31. Rxe1 Rh7 32. Rd1 Rg8 33. Rd4 Rd7 34. Rxd7 Kxd7 35. h4 Ke6 36. Kh2 Rg4 37. h5 Kf5 38. h6 Kg6 39. Bg7 Rxc4 40. g3 Rc3 41. a4 Ra3 42. Bf8 Re3 43. Bg7 Re2+ 44. Kg1 Ra2 45. Bf8 Rxa4 46. e6 Re4 47. e7 a5 48. Kf2 a4 49. Kf3 Re6 0-1